Oral Radiology : (Record no. 35272)

MARC details
000 -LEADER
fixed length control field 00587nam a22001937a 4500
005 - DATE AND TIME OF LATEST TRANSACTION
control field 20240307142459.0
008 - FIXED-LENGTH DATA ELEMENTS--GENERAL INFORMATION
fixed length control field 240307b |||||||| |||| 00| 0 eng d
020 ## - INTERNATIONAL STANDARD BOOK NUMBER
ISBN 9788131219775
082 ## - DEWEY DECIMAL CLASSIFICATION NUMBER
Classification number 617.607
Item number WHI-O
100 ## - MAIN ENTRY--AUTHOR
Author Name White, Stuart. C
245 ## - TITLE STATEMENT
Title Oral Radiology :
Remainder of title principles and Interpretation /
Statement of responsibility, etc. Stuart C. White , Michael J. Pharoah
250 ## - EDITION STATEMENT
Edition statement 6th ed.
260 ## - PUBLICATION, DISTRIBUTION, ETC.
Place of Publication India :
Name of publisher, distributor, etc. Elsevier ;
Date of publication, distribution, etc. 2012 .
300 ## - PHYSICAL DESCRIPTION
Pages xiii , 641 p. :
500 ## - GENERAL NOTE
General note Include Index. Hard binding.
650 ## - SUBJECT ADDED ENTRY--TOPICAL TERM
Subject / Department Medical / Dentistry
700 ## - ADDED ENTRY--PERSONAL NAME
Personal name Michael J. Pharoah
300 ## - PHYSICAL DESCRIPTION
-- ill ;
-- 28 cm .
952 ## - LOCATION AND ITEM INFORMATION (KOHA)
-- 0
-- 0
952 ## - LOCATION AND ITEM INFORMATION (KOHA)
-- 0
-- 0
Holdings
Lost status Damaged status Collection code Permanent Location Current Location Shelving Location Date acquired Full Call Number Accession No./Barcode Date last seen Copy number item type Koha item type
    Medical Superior Information Resource Center (SIRC) Superior University- Central Library Superior Information Resource Center (SIRC) Superior University- Central Library Dentistry 03/07/2024 617.607 WHI-O 2012 13329 03/07/2024 1 BOOK BOOK
    Medical Superior Information Resource Center (SIRC) Superior University- Central Library Superior Information Resource Center (SIRC) Superior University- Central Library Dentistry 03/07/2024 617.607 WHI-O 2012 13330 03/07/2024 2 BOOK BOOK

Powered by Koha